|
|
|
|
| LEADER |
00000nab a2200000 a 4500 |
| 001 |
vtls000891449 |
| 003 |
SK-MaSNL |
| 005 |
20260305001425.0 |
| 008 |
040720e19940114xo 0 slo |
| 035 |
|
|
|a KE489
|
| 040 |
|
|
|a KEVKJB
|b slo
|c KEVKJB
|e AACR2
|
| 041 |
0 |
|
|a slo
|
| 044 |
|
|
|a xo
|c SK
|
| 080 |
|
|
|a 796.96
|2 1981
|
| 080 |
|
|
|a 929
|2 1981
|
| 100 |
0 |
|
|a tt
|4 aut
|9 846813
|
| 245 |
1 |
0 |
|a Do vášho albumu
|
| 600 |
1 |
7 |
|a Veselovský, Peter,
|d 1964-2025
|2 KEVKJB
|9 260425
|
| 610 |
2 |
7 |
|a TJ VSŽ Košice (Slovensko)
|2 KEVKJB
|9 270203
|
| 650 |
0 |
7 |
|a ľadový hokej
|2 KEVKJB
|9 3231
|
| 650 |
0 |
7 |
|a medailónik
|2 KEVKJB
|9 882301
|
| 651 |
|
7 |
|a Košice (Slovensko)
|2 KEVKJB
|9 18694
|
| 710 |
2 |
|
|a TJ VSŽ Košice
|4 aut
|9 879686
|
| 773 |
0 |
8 |
|t Košický večer
|g Roč. 5
|g Roč. 28, č.9, 14.1.1994, s. 15
|
| 852 |
|
|
|a ZVYKNI
|b KIS3GCP
|
| 958 |
|
|
|a BX
|2 KEVKJB
|
| 999 |
|
|
|c 3219331
|d 3221261
|